01014 a2200205 4500003000500000005001700005040000900022082001600031100002800047245005400075260004200129300001300171505022800184650002400412942002500436999001900461952012400480952010200604952010200706NUST20221207183617.0 cNust a297.009,HUS aHussain, Iqbal 9104391 aIslam and westren civilzation /cIqbal S. Hussain aLahorebHummanity internationalc1997 a333 p. : aIntroduction (Page-1), Divine Message And Dynamism (Page-17), Reconstruction Of Thought And Spirit (Page-113), Conspiracies And Crises (Page-189), The West And Cultural Deception (Page-225), Evolution of Society (Page-260). acivilization932629 2ddccBKk297.009,HUS c193704d193704 00102ddc4070aMCSbMCScGENd2016-12-12o297.009,HUSpMCS1926r2016-12-08w2016-12-12yBKzAlmirah No.47, Shelf No.1 00102ddc40708NFICaMCSbMCSd2016-12-12l0o297.009 HUSpMCS1927r2016-12-08w2016-12-12yBK 00102ddc40708NFICaMCSbMCSd2016-12-12l0o297.009 HUSpMCS2020r2016-12-08w2016-12-12yBK